000 00572nam a2200241 a 4500
001 nice12345678
003 IN_TiNIC
005 20260116012011.0
008 050524s0000 hyda grp 000 0 urd
020 _a
_c100
082 0 0 _a500.80297
_bWAJ
100 _aWajeehuddin, Mohd
245 _aKaainat Ki Kahani
260 _aHyderabad
_bHyder and Sons
_c0000
300 _a162p
500 _aincludes index and biblioraphy
505 2 _aIndex
650 _aIslam and Science
700 1 _aWajeehuddin, Mohd
902 _bSRS
942 _cBK
999 _c5230
_d5230